| 000 | 00658nam a2200217 i 4500 | ||
|---|---|---|---|
| 001 | 99294 | ||
| 003 | ES-MaACL | ||
| 005 | 20231222205020.0 | ||
| 007 | t| | ||
| 008 | 050906s1972 sp f ||||1| spa d | ||
| 100 | 1 |
_aMartín Gaite, Carmen, _d1925-2000 _977496 |
|
| 245 | 1 | 0 |
_aUsos amorosos del dieciocho en España / _cpor Carmen Martín Gaite. |
| 250 | _a1ª ed. | ||
| 260 |
_aMadrid : _bSiglo Veintiuno, _c1972. |
||
| 300 |
_aXXI, 273 p., 32 p. de lám. ; _c21 cm. |
||
| 490 | 1 | _aHistoria | |
| 651 | 4 |
_aEspaña- _xUsos y costumbres- _yS.XVIII. _98525 |
|
| 830 | 1 |
_aHistoria _9177536 |
|
| 852 |
_aES-MaACL _jC-47867 |
||
| 999 |
_c99294 _d99294 |
||